|
|
|
|
| LEADER |
01939nam a2200409 i 4500 |
| 001 |
EBC2072790 |
| 003 |
MiAaPQ |
| 005 |
20220518091720.0 |
| 006 |
m o d | |
| 007 |
cr cnu|||||||| |
| 008 |
220518s2014 xx o 000 0 fre d |
| 020 |
|
|
|z 9782806246172
|q (print)
|
| 020 |
|
|
|a 9782806245779
|q (electronic bk.)
|
| 035 |
|
|
|a (MiAaPQ)EBC2072790
|
| 035 |
|
|
|a (Au-PeEL)EBL2072790
|
| 035 |
|
|
|a (OCoLC)912234051
|
| 040 |
|
|
|a MiAaPQ
|b eng
|e rda
|e pn
|c MiAaPQ
|d MiAaPQ
|
| 043 |
|
|
|a e-gx---
|
| 050 |
|
4 |
|a PT2611.U436
|b .S256 2014
|
| 082 |
0 |
|
|a 833.914
|2 23
|
| 100 |
1 |
|
|a Salmeron, Francois,
|e author.
|
| 245 |
1 |
0 |
|a Critique de la Faculte de Juger de Kant - Analytique du Beau (Commentaire) :
|b Comprendre la Philosophie Avec LePetitPhilosophe. fr /
|c Francois Salmeron.
|
| 264 |
|
1 |
|a [Place of publication not identified] :
|b Lemaitre Publishing,
|c [2014]
|
| 300 |
|
|
|a 1 online resource (28 pages).
|
| 336 |
|
|
|a text
|b txt
|2 rdacontent
|
| 337 |
|
|
|a computer
|b c
|2 rdamedia
|
| 338 |
|
|
|a online resource
|b cr
|2 rdacarrier
|
| 490 |
0 |
|
|a Commentaire Philosophique
|
| 588 |
|
|
|a Description based on print version record.
|
| 590 |
|
|
|a Electronic reproduction. Ann Arbor, MI : ProQuest, 2018. Available via World Wide Web. Access may be limited to ProQuest affiliated libraries.
|
| 650 |
|
0 |
|a Censorship in literature.
|
| 650 |
|
0 |
|a Literature and society
|z Germany
|x History
|y 19th century.
|
| 650 |
|
0 |
|a Literature and society
|z Germany
|x History
|y 20th century.
|
| 655 |
|
4 |
|a Electronic books.
|
| 776 |
0 |
8 |
|i Print version:
|a Salmeron, Francois.
|t Critique de la Faculte de Juger de Kant - Analytique du Beau (Commentaire) : Comprendre la Philosophie Avec LePetitPhilosophe. fr.
|d [Place of publication not identified] : Lemaitre Publishing,[2014]
|h 28 pages
|k Commentaire Philosophique
|z 9782806246172
|
| 797 |
2 |
|
|a ProQuest (Firm)
|
| 856 |
4 |
0 |
|u https://ebookcentral.proquest.com/lib/matrademy/detail.action?docID=2072790
|z Click to View
|